000 00725cam a22002653a 4500
001 29941
003 PGUSA
005 20140828083639.0
008 090908s2009||||xxu|||||s|||||000 | eng d
040 _aPGUSA
_beng
042 _adc
050 4 _aBF
100 1 _aFreud, Sigmund,
_d1856-1939
245 1 0 _aZeitgemäßes über Krieg und Tod
_h[electronic resource] /
_cSigmund Freud
260 _bProject Gutenberg,
_c2009
506 _aPublic domain in the USA.
516 _aElectronic text
653 _aWar
653 _aDeath
653 _aPsychoanalysis
740 0 _aZeitgemässes über Krieg und Tod
830 0 _aProject Gutenberg
_v29941
856 4 0 _uhttp://www.gutenberg.org/ebooks/29941
942 _cEB
999 _c259196
_d259196